000 00534nam a2200205 a 4500
001 11569
003 CO-ViMGA
008 141112s2004 ck r 000 u spa d
020 _a8477021163, 9581601155, 9586331792
040 _aCO-ViMGA
_bspa
_cCO-ViMGA
082 0 4 _a823.6 S43f
100 1 _aShelley, Mary
_916103
245 1 0 _aFrankenstein, o el moderno prometeo
260 _aMadrid,
_cValdemar,
_c1994
300 _a201 p.
490 _aClásicos
590 _aEjemplares : 3
650 1 4 _aNOVELA INGLESA
942 _2ddc
_cBK
999 _c22762
_d22762